Statystyki dla Flagi odsłaniające flagi #1

Kliknij tutaj aby rozwiązać quiz!

Ogólne statystyki

  • Ten quiz został rozwiązany 62 razy
  • Średni wynik to 18 z 21

Odpowiedzi na mapie

Odpowiedzi skodowane kolorowo w zielono-czerwonej skali na mapie do tego quizu, zgodnie z poniższymi procentami.
 

Statystyki odpowiedzi

odpowiedź% Poprawnych
Japonia
98%
Portugalia
95%
Algieria
93%
Czechy
93%
Grecja
93%
Panama
93%
Urugwaj
93%
Włochy
93%
Wietnam
89%
Singapur
87%
Ukraina
87%
Bhutan
84%
Peru
84%
Uganda
84%
Wybrzeże Kości Słoniowej
84%
Botswana
80%
Jemen
76%
Palau
75%
Republika Środkowoafrykańska
75%
Zambia
73%
Antigua i Barbuda
71%

Rozkład punktacji

Percentyl według liczby udzielonych odpowiedzi

Procent ludzi z każdym wynikiem

Twoja historia wyników

Nie rozwiązałeś tego quizu